|
|
|
|
| LEADER |
00000nam a2200000 4500 |
| 001 |
vtls008861237 |
| 003 |
SK-MaSNL |
| 005 |
20260301101919.0 |
| 008 |
240226s1505 fr a f 001 0 lat |
| 015 |
|
|
|a SNBHFA
|
| 035 |
|
|
|a cpl000122006
|
| 040 |
|
|
|a SNKHF
|b slo
|c SNKHF
|e rda
|
| 041 |
0 |
|
|a lat
|
| 044 |
|
|
|a fr
|c FR
|
| 072 |
|
7 |
|a 2-1
|x Prirodzená teológia. Náboženská filozofia
|2 konspekt
|
| 080 |
|
|
|a 27-185.33
|2 2001
|
| 080 |
|
|
|a (0:82-5)
|2 2011
|
| 100 |
1 |
|
|a Vivaldus, Joannes Ludovicus,
|d zomrel 1540
|4 aut
|9 436898
|
| 245 |
1 |
0 |
|a [Aureum opus de veritate contritionis]
|
| 264 |
|
1 |
|a Lugdunum
|b expensis magistri Stephani gueynard
|c Anno dni milesimo quinquagesimo Quinto. Die vero quinta mensis septembris (1505)
|
| 264 |
|
3 |
|a Lugdunum
|b impressum per magistrum Johannem de vingle
|c Anno dni milesimo quinquagesimo Quinto. Die vero quinta mensis septembris (1505)
|
| 300 |
|
|
|a iij-clxxxviij, 208 nečíslovaných listov
|c 17,5 cm
|
| 336 |
|
|
|a text
|b txt
|2 rdacontent
|
| 337 |
|
|
|a bez média
|b n
|2 rdamedia
|
| 338 |
|
|
|a zväzok
|b nc
|2 rdacarrier
|
| 500 |
|
|
|a Iniciálky s ornamentálnym pozadím v rámčeku na 4, 6, 10, 11, 18 riadkov
|
| 501 |
|
|
|a Príväzok 1.: BARLETTA, Gabriel de. Sermones Fratris Gabrielis Barelete ordinis predicatorum tam quadragesilames: ... [Miesto vydania nie je známe] : [Tlačiar nie je známy], [1505].
|5 SNK ID 59381/prív.1
|
| 501 |
|
|
|a Príväzok 2.: BARLETTA, Gabriel de. Sermones Fratris Gabrielis Barelete D. sanctis. [Miesto vydania nie je známe] : [Tlačiar nie je známy], [1505].
|5 SNK ID 59381/prív.2
|
| 504 |
|
|
|a Tlačené marginálie
|
| 510 |
4 |
|
|a Baudrier
|c XI/200
|
| 546 |
|
|
|a Latinský text
|
| 562 |
|
|
|a Defektný exemplár: chýba úvod tlače.
|5 SNK ID 59381
|
| 563 |
|
|
|a Väzba: previazaná, bledohnedá hladká koža.
|5 SNK ID 59381
|
| 650 |
0 |
7 |
|a pokánie
|2 SNKPH
|9 966
|
| 655 |
|
7 |
|a kázne
|2 SNKPH
|9 70516
|
| 700 |
1 |
|
|a Vingle, Jean de,
|d narodený asi 1498-1552
|4 prt
|9 436899
|
| 700 |
1 |
|
|a Guyenard, Étienne,
|d 1460-1530
|4 pbl
|9 436900
|
| 700 |
1 |
|
|a Barletta, Gabriel de
|d zomrel 1480
|4 aut
|9 436901
|
| 752 |
|
|
|a Francúzsko
|d Lyon
|
| 852 |
|
|
|a snk
|b Historické fondy
|p ID 59381
|
| 958 |
|
|
|a ONDV
|
| 958 |
|
|
|a DA
|
| 999 |
|
|
|c 690646
|d 692576
|
| 952 |
|
|
|t Tlače 16. stor.
|a SNK
|b SNK
|c SNK_HF
|y PREZ
|7 0
|p 17A1396838
|o snkID 59381
|i snkF 194/73
|8 5
|0 0
|1 0
|4 0
|d 2021-05-13
|f 1
|l 0
|r 2026-02-23 20:25:54
|w 2026-02-23
|